ASOIAF: Grand-parents Quiz Stats

 Plays Quiz not verified by Sporcle

Score 0/25 Timer 05:00
1 Play Today
Order Character % Correct
1Tywin Lannister
98.6%
3Aerys Targaryen
89.6%
7Hoster Tully
86%
13Olenna Redwyne
83.4%
23Rickard Stark
81.6%
2Walder Frey
80.8%
20Walder Rivers
80.7%
8Aegon I Targaryen
67.4%
24Aegon V Targaryen
67.3%
17Maege Mormont
45.1%
5Craster
44.1%
4Wyman Manderly
41.5%
12Emmon Frey
39.8%
Order Character % Correct
6Old Nan
36.4%
21Genna Lannister
32.3%
22Stevron Frey
27.8%
9Ryman Frey
24%
11Tanda Stokeworth
22.5%
15Hosteen Frey
16%
10Harys Swyft
15.5%
14Alester Florent
14.4%
19Aenys Frey
12.7%
18Anya Waynwood
11.9%
16Arnolf Karstark
11.2%
25Godric Borrell
2%

You're not logged in!

Compare scores with friends on all Sporcle quizzes.
OR
Log In

Show Comments

Extras

Top Quizzes Today


Score Distribution

Your Account Isn't Verified!

In order to create a playlist on Sporcle, you need to verify the email address you used during registration. Go to your Sporcle Settings to finish the process.

Report this User

Report this user for behavior that violates our Community Guidelines.

Details: